书目信息 |
| 题名: |
日本浮世绘精品
|
|
| 作者: | 梅忠智 编 | |
| 分册: | ||
| 出版信息: | 北京 北京工艺美术出版社 2004 |
|
| 页数: | 313页 | |
| 开本: | 21cm | |
| 丛书名: | ||
| 单 册: | ||
| 中图分类: | J237 | |
| 科图分类: | ||
| 主题词: | 浮世绘--日本 | |
| 电子资源: | ||
| ISBN: | 7-80526-478-3 | |
| 000 | 00724nam0 2200217 45 | |
| 001 | 002578836 | |
| 005 | 20041229082542.7 | |
| 010 | @a7-80526-478-3@b精装@dCNY78.00 | |
| 100 | @a20040310d2004 em y0chiy0110 ea | |
| 101 | 0 | @achi |
| 102 | @aCN@b110000 | |
| 105 | @aaf z 000yy | |
| 200 | 1 | @a日本浮世绘精品@Ari ben fu shi hui jing pin@f梅忠智编@FMei Zhong Zhi Bian |
| 210 | @a北京@c北京工艺美术出版社@d2004 | |
| 215 | @a313页@c图@d21cm | |
| 330 | @a本书收录图片,展示日本古代以版画形式呈现的艺术风貌特征的作品,展现了狩野派、园山四条派、文人画等绘画流派,描绘了日本古代的世俗图景。 | |
| 606 | 0 | @a浮世绘@y日本 |
| 690 | @aJ237@v4 | |
| 701 | 0 | @a梅忠智@4编 |
| 801 | 0 | @aCN@bNLC@c20040820 |
| 905 | @b340878-879@dJ237@e41@f2 | |
| 日本浮世绘精品/梅忠智编.-北京:北京工艺美术出版社,2004 |
| 313页:图;21cm |
| ISBN 7-80526-478-3(精装):CNY78.00 |
| 本书收录图片,展示日本古代以版画形式呈现的艺术风貌特征的作品,展现了狩野派、园山四条派、文人画等绘画流派,描绘了日本古代的世俗图景。 |
| ● |
| 相关链接 |
|
|
|
|
正题名:日本浮世绘精品
索取号:J237/41
 
预约/预借
| 序号 | 登录号 | 条形码 | 馆藏地/架位号 | 状态 | 备注 |
| 1 | 0340878 | 203408785 | 第一样本阅览室/ [索取号:J237/41] | 在馆 | |
| 2 | 0340879 | 203408794 | 第一借阅区/ [索取号:J237/41] | 在馆 |